000 00365 a2200109 4500
001 ART_22820
005 20260410161701.0
008 260409a
245 1 0 _aSobre sinergias y controversias en la génesis y evolución de los enfoques de cartera
100 1 _aCorso, Eduardo Ariel
773 0 _tEnsayos Económicos
_g- Nº 68 (jun. 2013)
_wREV620
999 _c15192
_d15192